Arco de Interrogaciones

Arco de interrogaciones, entra en cada uno de los nueve círculos (o arcos) del Nguillatun. Las voces de la comunidad dicen y participan activamente de la ceremonia. El arco del retorno cierra el ritual, el acto recolectivo de la memoria, devolviendo la voz al sujeto que retoma el río de la memoria p...

Full description

Bibliographic Details
Main Author: Colipán F., Bernardo
Format: Libro
Language:Spanish
Published: Santiago, Chile : Lom, 2005.
Series:Poesía
Subjects:
Online Access:

MARC

LEADER 00000nam a22000007a 4500
003 UAHC
005 20180319134324.0
008 180319s2005 cl 00| 0 spa d
952 |0 0  |1 0  |2 ddc  |4 0  |6 CH_861_000000000000000_COL  |7 0  |8 BAS  |9 89510  |a BC  |b BC  |c General  |d 2018-03-19  |e Compra  |g 5760.00  |l 1  |o Ch861 COL  |p 1450232  |r 2025-11-26 00:00:00  |s 2018-04-10  |t c.1  |w 2018-03-19  |y BK  |A 58  |B LHIS  |C 43 
952 |0 0  |1 0  |2 ddc  |4 0  |6 CH_861_000000000000000_COL  |7 0  |8 BAS  |9 89635  |a BC  |b BC  |c General  |d 2018-03-19  |e Compra  |g 5760.00  |l 1  |o Ch861 COL  |p 1450235  |r 2025-11-26 00:00:00  |s 2018-07-18  |t c.2  |w 2018-03-19  |y BK  |A 58  |B LHIS  |C 43 
999 |c 49988  |d 49988 
020 |a 9562827356 
035 |a CENTRAL 
040 |a UAHC  |c UAHC  |d UAHC 
082 |2 21  |a Ch861  |b C696 
100 |9 2426  |a Colipán F., Bernardo 
245 |a Arco de Interrogaciones  |c Bernardo Colipán Filgueira. 
260 |a Santiago, Chile :  |b Lom,  |c 2005. 
300 |a 115 p. 
440 |9 2427  |a Poesía 
520 |a Arco de interrogaciones, entra en cada uno de los nueve círculos (o arcos) del Nguillatun. Las voces de la comunidad dicen y participan activamente de la ceremonia. El arco del retorno cierra el ritual, el acto recolectivo de la memoria, devolviendo la voz al sujeto que retoma el río de la memoria para preguntarse por el camino de regreso. 
650 0 |9 2373  |a Poesías chilenas 
942 |2 ddc  |c BK